HVV – Elbfähre-Haltestellen (nach Linie) - Statistiken

Allgemein
  • Dieses Quiz wurde 38 mal gespielt
  • Das Durchschnittsergebnis liegt bei 16 aus 32
Antwortstatistiken
reguläre Bedienung Haltestelle Elbseite % Korrekt
61 St. Pauli Landungsbrücken N
97%
62 St. Pauli Landungsbrücken N
97%
72 St. Pauli Landungsbrücken N
97%
73 St. Pauli Landungsbrücken N
97%
75 St. Pauli Landungsbrücken N
97%
61 Altona Fischmarkt N
79%
62 Altona Fischmarkt N
79%
62 Finkenwerder S
79%
64 Finkenwerder S
79%
64 Teufelsbrück N
73%
68 Teufelsbrück N
73%
68 Airbus S
61%
61 Dockland Fischereihafen N
55%
62 Dockland Fischereihafen N
55%
72 Elbphilharmonie N
55%
HBEL Blankenese N
52%
62 Bubendey-Ufer S
45%
HBEL Cranz S
39%
62 Neumühlen Övelgönne N
39%
75 Steinwerder S
36%
64 Rüschpark S
30%
61 Waltershof S
30%
73 Ernst-August-Schleuse S
27%
73 Argentinienbrücke S
24%
HBEL Neuenfelde S
18%
61 Neuhof S
18%
73 Theater im Hafen S
15%
5170 Darchau (Schiffsanleger) N
12%
5170 Neu Darchau
12%
72 Arningstraße S
9%
5160 Bleckede S
9%
5160 Neu Bleckede (Schiffsanleger) N
9%
Keine übereinstimmenden Quizze gefunden
Verteilung der Resultate
Anzahl Personen mit jedem Resultat
Perzentil nach korrekt beantworteten Fragen
Ihre Resultats-Entwicklung
Sie haben dieses Quiz noch nicht gespielt